Mineralogie, petrografie a pedologie /

Uložené v:
Podrobná bibliografia
Hlavný autor: Bican, Jaroslav, 1919- (Author)
Médium: Kniha
Jazyk:Czech
Vydané: Praha : Státní pedagogické nakladatelství, 1955.
Vydanie:1. vyd.
ISBN: (brož.)
Fyzický popis: 258 s.
Tagy: Pridať tag
Žiadne tagy, Buďte prvý kto otaguje tento záznam!

MARC

LEADER 00000nam a2200000 a 4500
001 000211513
005 20101007151406.0
008 040101s1955 xr e cze d
020 |a (brož.)  |c Kčs 24,60 
040 |a SVKKK  |b slo  |c SVKKK  |e AACR2 
041 0 |a cze 
100 1 |a Bican, Jaroslav,  |d 1919-  |4 aut 
245 1 0 |a Mineralogie, petrografie a pedologie /  |c Jaroslav Bican. 
250 |a 1. vyd. 
260 |a Praha :  |b Státní pedagogické nakladatelství,  |c 1955. 
300 |a 258 s. 
504 |a Lit. 
910 |a svkkk 
998 |a BK 
090 |g SCKHL  |k Sklad Pribinova 3. posch.  |a V.10530  |j 105225  |i 2720841529  |s Prezenčne 
090 |g SCKHL  |k Sklad Pribinova 3. posch.  |a V.9186  |j 99152  |i B203719  |4 Duplikát  |s Vyradená